| 000 | 00787nam a2200193 a 4500 | ||
|---|---|---|---|
| 001 | 000252282 | ||
| 003 | AM-YeHGA | ||
| 005 | 20250618071707.0 | ||
| 008 | 030731s1938 ai 000 | arm d | ||
| 040 | _aAM-YeHGA | ||
| 100 | 1 |
_aՏոլստոյ, Լև Նիկոլաևիչ, _d1828-1910 _96686 |
|
| 245 | 1 | 0 |
_aՄարդիկ ինչ՞ով կապրին : _bԺողովրդական պատմուածք : Դպրոցականներուն յատուկ / _cԼեւ Թոլսթոյ; Թարգմ.՝ Ե.Ք. |
| 260 |
_aԱղեքսանդրիա : _bՀայկ Ս. Բիւրատ, _c1938. |
||
| 300 |
_a32 էջ ; _c20 սմ. |
||
| 440 | 0 |
_aԺամանակակից մատենաշար _94572 |
|
| 650 | 1 | 4 |
_aՌուս գրականություն _xՊատմվածք _94645 |
| 700 | 0 |
_aԵ.Ք. _eթարգմ. _4trl |
|
| 090 | _c91810 | ||
| 999 |
_c90518 _d90518 |
||